000 00763nam a2200277Ia 4500
003 OSt
005 20220918164517.0
006 a|||||r|||| 00| 0
007 ta
008 220917b |||||||| |||| 00| 0 eng d
020 _a0631231919 (hbk)
024 _a194,160
037 _cTextual
040 _aARTS
_cARTS
_beng
041 _2eng
_aeng
082 _aY15v5, P2
100 _aBock Gisela Au.
_919255
245 0 _aWomen in european history
260 _aUSA
_bBlackwell Publishers
_c2002
300 _ax,304p.
_ccm.
490 _aMaking of Europe
650 _aFEMINISM; SOCIOLOGY
_914297
700 _a Brown Allison Tr.
_919256
942 _hY15v5, P2
_cTEXL
_2CC
999 _c125119
_d125119